=LDR 00000nam 2200000 4500 =001 INLIS000000000043387 =005 20131008103144 =008 ***********************************Ind** =035 ##$$0010-101300000001309 =041 ##$$a Ind =082 ##$$a 615.1 =090 ##$$a 615.1, Ser f =100 ##$$a Siregar, Charles J.P =245 ##$$a Farmasi rumah sakit, teori dan penerapan, Dr. Charles J.P Siregar, M. Sc =260 ##$$a 2003 $b Jakarta =300 ##$$a xvii, 387 hlm, 24 cm =650 ##$$a Farmakologi =850 ##$$a NBPNMAT =990 ##$$a 16341634 =990 ##$$a 01201901634